000
00356nam a2200157Ia 4500
005
20250603144653.0
008
250603s9999 xx 000 0 und d
050
_a
AE 5 .C 683/
245
0
_a
Colliers Encyclopedia
260
_a
New York
260
_b
Collier & Son Limited
260
_c
1996
300
_a
800 p
650
_a
New York
942
_c
BK
999
_c
39605
_d
39605